| 000 | 01374cam a22003375i 4500 | ||
|---|---|---|---|
| 999 |
_c16076 _d16076 |
||
| 003 | EG-ScBUE | ||
| 005 | 20200122100446.0 | ||
| 008 | 110922s2000 ua f 00000 ara d | ||
| 017 | _a2000/5596 | ||
| 020 | _a9773052036 | ||
| 040 |
_aEG-ScBUE _bara _erda _cEG-ScBUE _dEG-ScBUE |
||
| 041 | 1 |
_aara _hhau |
|
| 082 | 0 | 4 |
_a893.723008 _bإ م ا _222 |
| 100 | 1 |
_aإمام، الحاج أبو بكر، _eمؤلف. _927333 |
|
| 245 | 1 | 2 |
_aالكلام رأسمال / _cتأليف الحاج أبو بكر إمام ؛ ترجمها عن الهوسا مصطفى حجازي السيد ؛ تقديم محمود فهمي حجازي. |
| 264 | 1 |
_a[القاهرة] : _bالمجلس الأعلى للثقافة، _c2000. |
|
| 300 |
_a588 صفحة ؛ _c30 سم. |
||
| 336 |
_2rdacontent _aنص _btxt |
||
| 337 |
_2rdamedia _aبدون وسيط _bn |
||
| 338 |
_2rdacarrier _aمجلد _bnc |
||
| 490 | 0 |
_aالمشروع القومي للترجمة ؛ _v19 |
|
| 546 | _aالنص باللغة العربية وتم ترجمته من اللغة الهوسية. | ||
| 590 | _arana gobara | ||
| 650 | 7 |
_aالقصص الأفريقية. _2BUEsh _927334 |
|
| 650 | 7 |
_aقصص الهوسا. _2BUEsh |
|
| 653 |
_cJuly2019 _bGGEN |
||
| 655 | _vReading book | ||
| 700 | 1 |
_aسيد، مصطفى حجازي، _eمترجم. |
|
| 700 | 1 |
_aحجازي، محمود فهمي، _eمقدم. |
|
| 942 |
_2ddc _cBB |
||